Normal view MARC view
  • Autoras

Entry Materia

Number of records used in: 20

001 - NÚMERO DE CONTROL DEL REGISTRO

  • campo de control: 2270

003 - IDENTIFICADOR DE NUMERO DE CONTROL

  • campo de control: UPN

005 - FECHA Y HORA DE LA ÚLTIMA TRANSACCIÓN

  • campo de control: 20220602130346.0

008 - DATOS DE LONGITUD FIJA

  • campo de control de longitud fija: nabaccnnaabn|||||||||| b |nc|||||d

035 ## - NÚMERO DE CONTROL DEL SISTEMA

  • Número de control del sistema: UPN10000002270

040 ## - FUENTE DE LA CATALOGACIÓN

  • Lengua de catalogación: SPA
  • Agencia de transcripción: UPN
  • Centro catalogador de origen: UPN

046 ## - FECHAS CON CODIFICACIÓN ESPECIAL

  • Fecha final para contenidos agregados: 220602

150 ## - ENCABEZAMIENTO - TEMÁTICO

  • Término de materia o nombre geográfico como elemento inicial: Autoras

450 ## - VÉASE - MATERIA

  • Encabezamiento temático: Mujeres como autoras

450 ## - VÉASE - MATERIA

  • Encabezamiento temático: Escritoras

550 ## - VÉASE ADEMÁS - MATERIA

  • Encabezamiento temático o nombre geográfico como elemento de entrada: MUJERES EN LA LITERATURA

670 ## - FUENTE EN LA QUE SE LOCALIZARON DATOS

  • Cita de la fuente: A/LC

680 ## - NOTA GENERAL CON DESPLIEGUE PÚBLICO

  • Texto explicativo: Usase para las obras que tratan de los logros alcanzados por las mujeres como autoras, así como para las obras mayormente biográficas. Para colecciones de obras escritas por mujeres, se asientan bajo la subdivisión
  • Encabezamiento: AUTORAS
  • Texto explicativo: después del género literario y la nacionalidad, ej.
  • Encabezamiento: LITERATURA ESPAÑOLA - AUTORAS

902 ## - CATALOGADOR

  • Catalogador: BDV/270106